The Indian captivity narrative, 1550-1900 /

Bibliographic Details
Main Author: Derounian-Stodola, Kathryn Zabelle, 1949-
Other Authors: Levernier, James
Format: Book
Language:English
Published: New York : Toronto : New York : Twayne ; Maxwell Macmillan Canada ; Maxwell Macmillan International, [1993]
Series:Twayne's United States authors series ; TUSAS 622.
Subjects:

MARC

Tag First Indicator Second Indicator Subfields
LEADER 00000cam a2200000 a 4500
001 in00001138136
005 20150930095146.0
008 921123s1993 nyu b 001 0 eng
010 |a  92042189  
020 |a 0805775331 (hc : alk. paper) 
035 |a (OCoLC)27144020 
035 |9 AGB4466AM 
040 |a DLC  |c DLC  |d VVC  |d TXA  |d UtOrBLW 
043 |a n-us--- 
049 |a TXAM 
050 0 0 |a E85  |b .D47 1993 
082 0 0 |a 813.009/3520397  |2 20 
100 1 |a Derounian-Stodola, Kathryn Zabelle,  |d 1949- 
245 1 4 |a The Indian captivity narrative, 1550-1900 /  |c Kathryn Zabelle Derounian-Stodola, James Arthur Levernier. 
264 1 |a New York :  |b Twayne ;  |a Toronto :  |b Maxwell Macmillan Canada ;  |a New York :  |b Maxwell Macmillan International,  |c [1993] 
264 4 |c ©1993 
300 |a xx, 236 pages :  |b illustrations, portraits, facsimiles ;  |c 23 cm. 
336 |a text  |b txt  |2 rdacontent 
337 |a unmediated  |b n  |2 rdamedia 
338 |a volume  |b nc  |2 rdacarrier 
490 1 |a Twayne's United States authors series ;  |v TUSAS 622 
500 |a "TUSAS 605" -- on spine. 
504 |a Includes bibliographical references and index. 
650 0 |a Indian captivities. 
650 0 |a American literature  |x History and criticism. 
650 0 |a Indian captivities  |x Literary collections. 
700 1 |a Levernier, James. 
830 0 |a Twayne's United States authors series ;  |v TUSAS 622. 
999 |a MARS 
999 f f |s 8cef6974-5e90-3e8e-bb42-0c349b775480  |i 55b282f1-1fc5-38e6-be94-ba40fb4d4f8e  |t 0 
952 f f |p normal  |a Texas A&M University  |b College Station  |c Sterling C. Evans Library  |d Evans: Library Stacks  |t 0  |e E85 .D47 1993  |h Library of Congress classification  |i unmediated -- volume  |m A14828826516 
998 f f |a E85 .D47 1993  |t 0  |l Evans: Library Stacks